Vector variational inequalities and vector equilibria : mathematical theories
Αποθηκεύτηκε σε:
| Άλλοι συγγραφείς: | |
|---|---|
| Μορφή: | Βιβλίο |
| Γλώσσα: | English |
| Δημοσίευση: |
Dordrecht ; Boston :
Kluwer Academic Publishers,
c2000.
|
| Σειρά: | Nonconvex optimization and its applications
38 |
| Θέματα: | |
| Ετικέτες: |
Προσθήκη ετικέτας
Δεν υπάρχουν, Καταχωρήστε ετικέτα πρώτοι!
|
MARC
| LEADER | 00000cam a2200000 a 4500 | ||
|---|---|---|---|
| 001 | 1/108065 | ||
| 008 | 150821s2000####ne | ||| |||| ||eng|| | ||
| 020 | |a 0792360265 | ||
| 040 | |a GR-MyUa |b gre |c GR-MyUa |e AACR2 | ||
| 041 | 0 | |a eng | |
| 082 | 7 | |a 515.64 |2 (23) | |
| 245 | 1 | 0 | |a Vector variational inequalities and vector equilibria : |b mathematical theories / |c edited by Franco Giannessi. |
| 260 | |a Dordrecht ; Boston : |b Kluwer Academic Publishers, |c c2000. | ||
| 300 | |a xiii, 523 σ. ; |c 25 εκ. | ||
| 490 | 1 | |a (Nonconvex optimization and its applications) ; |v 38 | |
| 504 | |a Περιλαμβάνει βιβλιογραφικές αναφορές και ευρετήριο. | ||
| 650 | 0 | |a Variational inequalities (Mathematics) | |
| 650 | 0 | |a Mathematical optimization. | |
| 650 | 0 | |a Vector spaces. | |
| 650 | 0 | |a Linear topological spaces. | |
| 700 | 1 | |a Giannessi, F. |e edt | |
| 830 | 0 | |a Nonconvex optimization and its applications |v 38 | |
| 852 | |a INST |b SAMOS |e 20150821 |h 515.64 VEC |p 005300042546 |q 005300042546 |t BK |y 0 | ||
| 970 | |a Γουβάλα |b Βάσω |z 21-08-2015 | ||